Largest City in Each U.S. State (by population) - Statistics

General Stats
  • This quiz has been taken 27 times
    12 since last reset
  • The average score is 43 of 50
Answer Stats
State City Population % Correct
Maryland Baltimore 585,720
100%
Colorado Denver 734,718
100%
California Los Angeles 3.8 mil
100%
Pennsylvania Philadelphia 1.6 mil
100%
Arizona Phoenix 1.6 mil
100%
New Mexico Albuquerque 564,559
91%
Alaska Anchorage 288,947
91%
Georgia Atlanta 498,715
91%
Idaho Boise 238,923
91%
Massachusetts Boston 675,647
91%
North Carolina Charlotte 964,784
91%
Illinois Chicago 2.7 mil
91%
Ohio Columbus 946,661
91%
Michigan Detroit 639,471
91%
Hawaii Honolulu 343,229
91%
Texas Houston 2.3 mil
91%
Indiana Indianapolis 887,644
91%
Mississippi Jackson 153,701
91%
Florida Jacksonville 949,611
91%
Nevada Las Vegas 641,903
91%
Arkansas Little Rock 202,591
91%
Wisconsin Milwaukee 556,718
91%
Minnesota Minneapolis 427,499
91%
Tennessee Nashville 712,581
91%
Louisiana New Orleans 384,130
91%
New York New York City 8.8 mil
91%
Oklahoma Oklahoma City 727,836
91%
Nebraska Omaha 486,051
91%
Oregon Portland 652,503
91%
Utah Salt Lake City 218,428
91%
Washington Seattle 737,015
91%
Montana Billings 117,116
82%
South Carolina Charleston 150,227
82%
Wyoming Cheyenne 65,132
82%
Iowa Des Moines 213,096
82%
Missouri Kansas City 508,090
82%
New Jersey Newark 320,622
82%
Maine Portland 70,104
82%
Rhode Island Providence 190,934
82%
Virginia Virginia Beach 456,000
82%
West Virginia Charleston 45,403
73%
North Dakota Fargo 136,285
73%
Kentucky Louisville 645,270
73%
Kansas Wichita 400,991
73%
Delaware Wilmington 70,898
73%
Vermont Burlington 44,275
64%
Alabama Huntsville 215,006
64%
New Hampshire Manchester 116,823
64%
South Dakota Sioux Falls 213,748
64%
Connecticut Bridgeport 148,654
55%
No matching quizzes found
Score Distribution
Percent of People with Each Score
Percentile by Number Answered
Your Score History
You have not taken this quiz since the last reset